| 000 | 00419nam a2200145Ia 4500 | ||
|---|---|---|---|
| 008 | 151015s9999 xx 000 0 und d | ||
| 020 | _a3128374 | ||
| 050 | _aQR 181.T53 1992 | ||
| 245 | _aTizard Ian R. | ||
| 250 | _a_Immunology An Introduction (2nd ed. )/ Ian R. Tizard | ||
| 300 | _aChicago : Saunders College , 1992 | ||
| 500 | _aIncludes index | ||
| 650 | _a_Immunology | ||
| 700 | _a^d20130521 01:34:48^oanne | ||
| 999 |
_c4628 _d4628 |
||